00829nam a22002417a 45000010005000000030006000050050017000110080041000280200018000690400029000870500008001160820008001241000019001322450100001512600034002513000048002854900026003335050008003595200139003675210029005065210020005357000032005557133FISKH20250626083557.0250625b cb ||||| |||| 00| 0 eng d a9788956355009 aFISKHbengcFISKHdFISKH aPZ7 a590 aSormark, Julie aCountry mouse and city mouse / cRetold by Julie Sormark : through Art style of Henri Rousseau  aSeoul : be-future , c2010.  a35 pages : bcolor illustrations ;c23 cm . aArt classic stories  aJ  aThe story is about two mice who are cousins, one living in the country and the other in the city. They both lead very different lives.8 a500 bLexile estimate 8 aJ bRaz-Plus  aCho, MyeongsikeIllustrator